[Event "SVK-chT1W 1415"]
[Site "Slovakia"]
[Date "2015.01.31"]
[Round "7.4"]
[White "Schwarz, Dusan"]
[Black "Pagerka, Martin"]
[Result "1-0"]
[WhiteElo "2339"]
[BlackElo "2300"]
[PlyCount "45"]
[EventDate "2014.10.18"]
[EventType "team-tourn"]
[EventRounds "11"]
[EventCountry "SVK"]
[SourceTitle "EXT 2016"]
[Source "ChessBase"]
[SourceDate "2015.10.08"]
[SourceVersion "1"]
[SourceVersionDate "2015.10.08"]
[SourceQuality "1"]
[WhiteTeam "Modra"]
[BlackTeam "Osuske"]
[WhiteTeamCountry "SVK"]
[BlackTeamCountry "SVK"]

1. d4 d5 2. c4 e6 3. Nc3 Be7 4. Nf3 Nf6 5. Bg5 0-0 6. Qc2 h6 7. Bxf6 Bxf6 8. e4 dxe4 9. Qxe4 Nc6 10. 0-0-0 Qe7 11. h4 h5 12. g4 hxg4 13. Bd3 g6 14. h5 Bg5+ 15. Nxg5 Qxg5+ 16. f4 Qe7 17. hxg6 f5 18. Qg2 Qf6 19. Rh7 Qxg6 20. Rdh1 Nxd4 21. R7h6 Qg7 22. Qh2 Bd7 23. Qh5 1-0

[Event "SVK-chT 1415"]
[Site "Slovakia"]
[Date "2014.11.23"]
[Round "4.6"]
[White "Pagerka, Martin"]
[Black "Hracek, Zbynek"]
[Result "0-1"]
[WhiteElo "2300"]
[BlackElo "2646"]
[PlyCount "68"]
[EventDate "2014.10.25"]
[EventType "team-tourn"]
[EventRounds "11"]
[EventCountry "SVK"]
[SourceTitle "CBM 163 Extra"]
[Source "ChessBase"]
[SourceDate "2014.12.23"]
[SourceVersion "1"]
[SourceVersionDate "2014.12.23"]
[SourceQuality "1"]
[WhiteTeam "Bratislava Slovan II"]
[BlackTeam "Stara Lubovna"]
[WhiteTeamCountry "SVK"]
[BlackTeamCountry "SVK"]

1. e4 c5 2. Nf3 Nc6 3. d4 cxd4 4. Nxd4 Qb6 5. Nb3 Nf6 6. Nc3 e6 7. Be3 Qc7 8. a3 a6 9. Bd3 b5 10. Qe2 Be7 11. f4 d6 12. g4 h6 13. g5 hxg5 14. fxg5 Nh5 15. 0-0-0 Ne5 16. Kb1 Rb8 17. Rhg1 g6 18. Bd2 Bd7 19. Nd4 0-0 20. Nf3 Rfc8 21. h3 a5 22. Nxe5 dxe5 23. Na2 b4 24. Qe1 bxa3 25. Bxa5 Rxb2+ 26. Ka1 Qb8 27. Bc3 Bc5 28. Ba6 Rd8 29. Rg2 Bd4 30. Bc4 Ba4 31. Rgd2 Bxc2 32. Rc1 Bxc3 33. Rxd8+ Qxd8 34. Nxc3 Qd4 0-1

[Event "Tatry op"]
[Site "Tatranske Zruby"]
[Date "2014.10.03"]
[Round "7"]
[White "Pagerka, Martin"]
[Black "Nayhebaver, Martin"]
[Result "1-0"]
[WhiteElo "2297"]
[BlackElo "2301"]
[PlyCount "99"]
[EventDate "2014.09.28"]
[EventType "swiss"]
[EventRounds "9"]
[EventCountry "SVK"]
[SourceTitle "CBM 162 Extra"]
[Source "ChessBase"]
[SourceDate "2014.10.17"]
[SourceVersion "1"]
[SourceVersionDate "2014.10.17"]
[SourceQuality "1"]

1. e4 c5 2. Nf3 d6 3. d4 cxd4 4. Nxd4 Nf6 5. Nc3 a6 6. Be3 e5 7. Nb3 Be7 8. f3 Be6 9. Qd2 0-0 10. 0-0-0 a5 11. a4 Nc6 12. g4 Nb4 13. g5 Ne8 14. Kb1 Nc7 15. Bb6 Qb8 16. h4 d5 17. Qh2 dxe4 18. fxe4 Nca6 19. Bh3 Bxh3 20. Qxh3 Bd8 21. Be3 Qc8 22. Qg2 Qe6 23. Bc5 Be7 24. Bxe7 Qxe7 25. h5 Nc7 26. Rhf1 Ne6 27. g6 fxg6 28. hxg6 h6 29. Nd5 Nxd5 30. exd5 Nf4 31. Qe4 Qd6 32. c4 b6 33. Nd2 Rac8 34. Rde1 Qb4 35. Qc2 Qd6 36. Rg1 Rfe8 37. Qf5 Rcd8 38. Rg4 Qf6 39. Qe4 h5 40. Rgg1 Rd6 41. Qc2 Rd7 42. Ne4 Qe7 43. Ng5 Qd6 44. Nf7 Qf6 45. Rg5 Nxg6 46. Nh6+ Kh7 47. Reg1 e4 48. Nf5 Nf4 49. Qh2 Qe5 50. Nxg7 1-0

[Event "Tatry op"]
[Site "Tatranske Zruby"]
[Date "2014.09.30"]
[Round "4"]
[White "Vojta, Tomas"]
[Black "Pagerka, Martin"]
[Result "1/2-1/2"]
[WhiteElo "2373"]
[BlackElo "2297"]
[PlyCount "47"]
[EventDate "2014.09.28"]
[EventType "swiss"]
[EventRounds "9"]
[EventCountry "SVK"]
[SourceTitle "CBM 162 Extra"]
[Source "ChessBase"]
[SourceDate "2014.10.17"]
[SourceVersion "1"]
[SourceVersionDate "2014.10.17"]
[SourceQuality "1"]

1. d4 Nf6 2. Nf3 e6 3. Bf4 Be7 4. e3 0-0 5. Nbd2 d5 6. Bd3 Nbd7 7. Ne5 c5 8. c3 Nxe5 9. Bxe5 Nd7 10. Bg3 f5 11. 0-0 c4 12. Bc2 b5 13. a3 Nb6 14. Nf3 Bd7 15. Ne5 Be8 16. f3 a5 17. Qd2 Ra7 18. e4 Rb7 19. exf5 exf5 20. Kh1 Nc8 21. Rfe1 Nd6 22. Re2 Bg5 23. Bf4 Bf6 24. Bg3 1/2-1/2

[Event "Senica op 6th"]
[Site "Senica"]
[Date "2014.08.30"]
[Round "6"]
[White "Pagerka, Martin"]
[Black "Gasa, Patrik"]
[Result "1-0"]
[WhiteElo "2288"]
[BlackElo "2034"]
[PlyCount "57"]
[EventDate "2014.08.27"]
[EventType "swiss"]
[EventRounds "7"]
[EventCountry "SVK"]
[SourceTitle "EXT 2016"]
[Source "ChessBase"]
[SourceDate "2015.10.08"]
[SourceVersion "1"]
[SourceVersionDate "2015.10.08"]
[SourceQuality "1"]

1. e4 c5 2. Nf3 e6 3. d4 cxd4 4. Nxd4 Nc6 5. Nc3 a6 6. Be2 Bc5 7. Nxc6 bxc6 8. 0-0 d5 9. exd5 cxd5 10. Na4 Ba7 11. c4 Ne7 12. Bg5 f6 13. Bh5+ Kf8 14. Bd2 g6 15. Bf3 Bb7 16. Bb4 Kg7 17. Re1 Nc6 18. Bc5 Ne5 19. Bxa7 Rxa7 20. Nc5 Qb6 21. Qd4 Re8 22. Rxe5 fxe5 23. Qxe5+ Kf7 24. Nd7 Qd8 25. Qf4+ Ke7 26. Ne5 Rh8 27. cxd5 Qe8 28. d6+ Kd8 29. Qf6+ 1-0

[Event "Senica op 6th"]
[Site "Senica"]
[Date "2014.08.28"]
[Round "2"]
[White "Pagerka, Martin"]
[Black "Novotny, Adam"]
[Result "1-0"]
[WhiteElo "2288"]
[BlackElo "2016"]
[PlyCount "47"]
[EventDate "2014.08.27"]
[EventType "swiss"]
[EventRounds "7"]
[EventCountry "SVK"]
[SourceTitle "EXT 2016"]
[Source "ChessBase"]
[SourceDate "2015.10.08"]
[SourceVersion "1"]
[SourceVersionDate "2015.10.08"]
[SourceQuality "1"]

1. e4 c5 2. Nf3 d6 3. d4 cxd4 4. Nxd4 Nf6 5. Nc3 e6 6. g4 a6 7. g5 Nfd7 8. Be3 Qc7 9. f4 Be7 10. Qd2 b5 11. Bg2 Bb7 12. f5 b4 13. Nce2 Nc5 14. fxe6 fxe6 15. Nf4 Nxe4 16. Nfxe6 Qa5 17. Qe2 Nd7 18. 0-0 Ne5 19. Bf4 Nc5 20. Nxg7+ Kd7 21. Bxe5 dxe5 22. Bh3+ Kd8 23. Qxe5 Qb6 24. Rf7 1-0

[Event "Stare Mesto op"]
[Site "Stare Mesto"]
[Date "2014.08.13"]
[Round "7"]
[White "Pagerka, Martin"]
[Black "Rabatin, Jakub"]
[Result "1/2-1/2"]
[WhiteElo "2288"]
[BlackElo "2226"]
[PlyCount "87"]
[EventDate "2014.08.08"]
[EventType "swiss"]
[EventRounds "10"]
[EventCountry "CZE"]
[SourceTitle "CBM 162 Extra"]
[Source "ChessBase"]
[SourceDate "2014.10.17"]
[SourceVersion "1"]
[SourceVersionDate "2014.10.17"]
[SourceQuality "1"]

1. e4 c5 2. Nf3 Nc6 3. d4 cxd4 4. Nxd4 Nf6 5. Nc3 e6 6. Ndb5 Bc5 7. Nd6+ Ke7 8. Nxc8+ Rxc8 9. Bd3 Qc7 10. 0-0 Ne5 11. Qe2 Rhg8 12. Kh1 g5 13. f3 h5 14. Na4 Bd6 15. Be3 b6 16. Nc3 Nxd3 17. cxd3 Bxh2 18. d4 Bf4 19. Rac1 Qb7 20. Bxf4 gxf4 21. Qd2 Rg6 22. Nb5 a5 23. Qxf4 Qb8 24. e5 Nd5 25. Rxc8 Qxc8 26. Qxf7+ Kxf7 27. Nd6+ Kg7 28. Nxc8 h4 29. Kh2 Kh6 30. Nd6 Rg8 31. Rf2 Kg5 32. Re2 Kh5 33. Re4 Rg7 34. Nc4 Rg8 35. Nd6 Rg7 36. Re2 Rg8 37. Ne4 Rc8 38. Kg1 Rc1+ 39. Kf2 Kg6 40. Rd2 Ra1 41. a3 Rc1 42. Nd6 Kg5 43. Ne4+ Kf5 44. Nd6+ 1/2-1/2

[Event "Pardubice Czech op-A 25th"]
[Site "Pardubice"]
[Date "2014.07.21"]
[Round "4"]
[White "Rous, Daniel"]
[Black "Pagerka, Martin"]
[Result "0-1"]
[WhiteElo "2160"]
[BlackElo "2265"]
[PlyCount "116"]
[EventDate "2014.07.18"]
[EventType "swiss"]
[EventRounds "9"]
[EventCountry "CZE"]
[SourceTitle "CBM 161 Extra"]
[Source "ChessBase"]
[SourceDate "2014.08.29"]
[SourceVersion "1"]
[SourceVersionDate "2014.08.29"]
[SourceQuality "1"]

1. d4 Nf6 2. Nf3 g6 3. g3 Bg7 4. Bg2 0-0 5. 0-0 d6 6. c4 Nbd7 7. Nc3 c6 8. e4 e5 9. d5 Nc5 10. Bg5 h6 11. Bxf6 Qxf6 12. b4 Nd7 13. Qd3 c5 14. a3 Qd8 15. h4 b6 16. b5 Nf6 17. a4 Nh5 18. Nh2 f5 19. Ra3 f4 20. Ne2 Rb8 21. a5 Rb7 22. axb6 axb6 23. Ra8 Qe7 24. Bf3 Ra7 25. Ra1 Rxa1+ 26. Rxa1 Nf6 27. Nc3 h5 28. Nb1 Bh6 29. Nd2 Qg7 30. Bg2 g5 31. hxg5 Qxg5 32. Ndf1 Qg6 33. Ra3 Kh8 34. Nd2 Rg8 35. Ndf1 h4 36. Qf3 fxg3 37. fxg3 Nh5 38. gxh4 Nf4 39. Ra2 Qf6 40. Kh1 Qxh4 41. Rf2 Bd7 42. Ra2 Bg4 43. Qg3 Qh5 44. Ne3 Be2 45. Qe1 Nxg2 46. Nxg2 Bf3 47. Kg1 Bd1 48. Rf2 Bf4 49. Nf1 Rg6 50. Ra2 Bf3 51. Rf2 Rh6 52. Rxf3 Qxf3 53. Qa1 Rg6 54. Qa8+ Rg8 55. Qa2 Qxe4 56. Qf2 Qd4 57. Qxd4 cxd4 58. Kf2 Bh6 0-1

[Event "Pardubice Czech op-A 25th"]
[Site "Pardubice"]
[Date "2014.07.20"]
[Round "3"]
[White "Pagerka, Martin"]
[Black "Baryshpolets, Andrey"]
[Result "0-1"]
[WhiteElo "2265"]
[BlackElo "2546"]
[PlyCount "60"]
[EventDate "2014.07.18"]
[EventType "swiss"]
[EventRounds "9"]
[EventCountry "CZE"]
[SourceTitle "CBM 161 Extra"]
[Source "ChessBase"]
[SourceDate "2014.08.29"]
[SourceVersion "1"]
[SourceVersionDate "2014.08.29"]
[SourceQuality "1"]

1. e4 e6 2. d4 d5 3. Nc3 Nf6 4. e5 Nfd7 5. f4 c5 6. Nf3 Nc6 7. Be3 cxd4 8. Nxd4 Qb6 9. Qd2 Qxb2 10. Rb1 Qa3 11. Bd3 a6 12. 0-0 Bb4 13. Rb3 Qa5 14. a3 Bc5 15. Nxc6 bxc6 16. Kh1 Rb8 17. Bxc5 Qxc5 18. Na4 Qa7 19. Rxb8 Qxb8 20. c4 Qb3 21. Nc3 0-0 22. Rf3 dxc4 23. Bc2 Qxa3 24. Qd1 Qe7 25. Ne4 f6 26. Rh3 g6 27. exf6 Nxf6 28. Ng5 e5 29. Rh4 exf4 30. Qf1 Nd5 0-1

[Event "Pardubice Czech op-A 25th"]
[Site "Pardubice"]
[Date "2014.07.19"]
[Round "2"]
[White "Cvek, Robert"]
[Black "Pagerka, Martin"]
[Result "1/2-1/2"]
[WhiteElo "2516"]
[BlackElo "2265"]
[PlyCount "51"]
[EventDate "2014.07.18"]
[EventType "swiss"]
[EventRounds "9"]
[EventCountry "CZE"]
[SourceTitle "CBM 161 Extra"]
[Source "ChessBase"]
[SourceDate "2014.08.29"]
[SourceVersion "1"]
[SourceVersionDate "2014.08.29"]
[SourceQuality "1"]

1. Nf3 Nf6 2. c4 c5 3. Nc3 d5 4. cxd5 Nxd5 5. Qa4+ Nc6 6. Ne5 Ndb4 7. a3 Nc2+ 8. Qxc2 Nxe5 9. Na4 c4 10. f4 Nc6 11. e3 b5 12. Nc3 Rb8 13. d3 Bf5 14. e4 Nd4 15. Qf2 cxd3 16. Bxd3 Nb3 17. Qxa7 Bd7 18. Rb1 e6 19. Qf2 Bc6 20. Bc2 Nxc1 21. Rxc1 b4 22. axb4 Rxb4 23. 0-0 Rxb2 24. Kh1 Be7 25. e5 g6 26. Rb1 1/2-1/2

[Event "SVK-chT 1314"]
[Site "Slovakia"]
[Date "2014.03.29"]
[Round "10.3"]
[White "Pagerka, Martin"]
[Black "Repka, Christopher"]
[Result "0-1"]
[WhiteElo "2224"]
[BlackElo "2391"]
[PlyCount "188"]
[EventDate "2013.11.09"]
[EventType "team-tourn"]
[EventRounds "11"]
[EventCountry "SVK"]
[SourceTitle "EXT 2015"]
[Source "ChessBase"]
[SourceDate "2014.11.20"]
[SourceVersion "1"]
[SourceVersionDate "2014.11.20"]
[SourceQuality "1"]
[WhiteTeam "Trencin"]
[BlackTeam "Stara Lubovna"]
[WhiteTeamCountry "SVK"]
[BlackTeamCountry "SVK"]

1. e4 e6 2. d4 d5 3. Nc3 Nf6 4. e5 Nfd7 5. f4 c5 6. Nf3 Nc6 7. Be3 a6 8. Qd2 b5 9. a3 Qb6 10. Na2 b4 11. axb4 cxb4 12. b3 a5 13. Bd3 Ba6 14. Nc1 Ne7 15. Bxa6 Qxa6 16. Nd3 Nf5 17. Bf2 h5 18. g3 Be7 19. Kf1 Rc8 20. Kg2 h4 21. g4 h3+ 22. Kf1 Nh6 23. Rg1 f5 24. gxf5 Nxf5 25. Rg6 Rc3 26. Qe2 Qc6 27. Nde1 Qb6 28. Ra2 Nb8 29. Nd3 Na6 30. Ng5 Bxg5 31. Rxg5 Qc7 32. Rh5 Rxh5 33. Qxh5+ Ke7 34. Qe2 Nb8 35. Nc5 Nc6 36. Qg4 Ncxd4 37. Bxd4 Rxc5 38. Bxc5+ Qxc5 39. Qg1 d4 40. Qf2 Qd5 41. Ke2 d3+ 42. cxd3 Nd4+ 43. Ke1 Qxb3 44. Rd2 Qd5 45. Rb2 Qc5 46. Kd1 Qc3 47. Qd2 Qa3 48. Ra2 Qb3+ 49. Kc1 Qd5 50. Kb2 Kf7 51. Kb1 Kg8 52. Kb2 Qc6 53. Qc1 Qd5 54. Qd2 Kh7 55. Qd1 Kh6 56. Ka1 Qc5 57. Rb2 b3 58. f5 Qxe5 59. fxe6 Qxe6 60. Qd2+ Kh7 61. Qxa5 Qg4 62. Qd2 Qf3 63. Rb1 Qa8+ 64. Kb2 Qa2+ 65. Kc1 Qa3+ 66. Kd1 Qa8 67. Qe1 Qg2 68. Qe4+ Kh6 69. Qf4+ Kh5 70. Qe5+ Kg6 71. Qd6+ Kh7 72. Qxd4 Qc2+ 73. Ke1 Qxb1+ 74. Ke2 Qc2+ 75. Ke3 Qc1+ 76. Ke2 Qg5 77. Qe4+ g6 78. Qb7+ Kh6 79. Qxb3 Qg2+ 80. Ke3 Qxh2 81. Qg8 Qg3+ 82. Ke4 Qg4+ 83. Ke3 Qg1+ 84. Ke4 h2 85. Qh8+ Kg5 86. Qe5+ Kg4 87. Qf4+ Kh5 88. Qe5+ g5 89. Qe8+ Kh4 90. Qh8+ Kg3 91. Qe5+ Kh4 92. Qh8+ Kg4 93. Qc8+ Kg3 94. Qc7+ Kg2 0-1

[Event "SVK-chT1W 1314"]
[Site "Slovakia"]
[Date "2014.03.23"]
[Round "11.1"]
[White "Pagerka, Martin"]
[Black "Kukel, Imre1111"]
[Result "1/2-1/2"]
[WhiteElo "2224"]
[BlackElo "2249"]
[PlyCount "135"]
[EventDate "2013.10.12"]
[EventType "team-tourn"]
[EventRounds "11"]
[EventCountry "SVK"]
[SourceTitle "EXT 2015"]
[Source "ChessBase"]
[SourceDate "2014.11.20"]
[SourceVersion "1"]
[SourceVersionDate "2014.11.20"]
[SourceQuality "1"]
[WhiteTeam "Osuske"]
[BlackTeam "Komarno"]
[WhiteTeamCountry "SVK"]
[BlackTeamCountry "SVK"]

1. e4 c5 2. Nf3 d6 3. d4 cxd4 4. Nxd4 Nf6 5. Nc3 g6 6. Be3 Bg7 7. f3 0-0 8. Qd2 Nc6 9. 0-0-0 d5 10. exd5 Nxd5 11. Nxc6 bxc6 12. Bd4 Bxd4 13. Qxd4 Qb6 14. Nxd5 cxd5 15. Qxb6 axb6 16. a3 Rd8 17. Re1 Kf8 18. Bd3 Ra4 19. h4 h5 20. Kd2 Bd7 21. g3 e6 22. f4 Ke7 23. c3 Kd6 24. Ra1 Rda8 25. Ra2 Be8 26. Rha1 f6 27. b3 R4a7 28. c4 Bf7 29. cxd5 exd5 30. Ke3 Rg8 31. Kd4 g5 32. hxg5 fxg5 33. f5 h4 34. g4 Re8 35. a4 Rea8 36. Rc2 h3 37. Rac1 Be8 38. Rh2 Rh7 39. Rch1 Rh4 40. Be2 b5 41. axb5 Ra2 42. Bf3 Ra3 43. Rxh3 Rxb3 44. Rxh4 gxh4 45. Bd1 Rb4+ 46. Ke3 Bxb5 47. Rxh4 Ke5 48. Rh6 d4+ 49. Kf3 Bc4 50. Rh8 Rb1 51. Re8+ Kf6 52. Ba4 Bd5+ 53. Kf2 Rb2+ 54. Kg3 Rg2+ 55. Kh3 Rg1 56. Bb5 Kg5 57. Re5 Bb7 58. f6+ Kxf6 59. Rf5+ Kg7 60. Rf4 Bc8 61. Be2 Re1 62. Bf3 Re3 63. Kg2 d3 64. Rd4 Be6 65. Kg3 Bf7 66. Kf4 Re7 67. Kg5 Rc7 68. Be4 1/2-1/2

[Event "SVK-chT2A 1314"]
[Site "Slovakia"]
[Date "2014.02.22"]
[Round "8.1"]
[White "Petenyi, Tamas"]
[Black "Pagerka, Martin"]
[Result "0-1"]
[WhiteElo "2464"]
[BlackElo "2224"]
[PlyCount "116"]
[EventDate "2013.10.19"]
[EventType "team-tourn"]
[EventRounds "11"]
[EventCountry "SVK"]
[SourceTitle "EXT 2015"]
[Source "ChessBase"]
[SourceDate "2014.11.20"]
[SourceVersion "1"]
[SourceVersionDate "2014.11.20"]
[SourceQuality "1"]
[WhiteTeam "Dunajska Streda II"]
[BlackTeam "Osuske II"]
[WhiteTeamCountry "SVK"]
[BlackTeamCountry "SVK"]

1. e4 e6 2. d4 d5 3. Nd2 Nf6 4. e5 Nfd7 5. Bd3 c5 6. c3 Nc6 7. Ne2 Qb6 8. Nf3 cxd4 9. cxd4 Qb4+ 10. Bd2 Qxb2 11. Rb1 Qa3 12. Rb3 Qe7 13. 0-0 Nb6 14. Qb1 Nc4 15. Bg5 Qc7 16. Rc1 N6a5 17. Bxc4 dxc4 18. Rbc3 Bd7 19. Nd2 b5 20. Ne4 Bc6 21. Nd6+ Bxd6 22. exd6 Qxd6 23. Rg3 Nb7 24. a4 a6 25. axb5 axb5 26. Bf4 Qe7 27. Rxg7 Nd6 28. d5 Bxd5 29. Nc3 Bc6 30. Bg5 Qb7 31. Bf4 Nf5 32. Rg5 0-0-0 33. Rxf5 exf5 34. Qxf5+ Rd7 35. Qc5 Rg8 36. Ne4 Rd5 37. Nd6+ Rxd6 38. Qxd6 Rxg2+ 39. Kf1 Rg8 40. Bg3 Rd8 41. Qf4 Bh1 42. Qg4+ Qd7 43. Qh5 f5 44. Ra1 Qd3+ 45. Kg1 Bf3 46. Qh3 c3 47. Re1 h5 48. Qh4 Qe4 49. Qxd8+ Kxd8 50. Rxe4 fxe4 51. Bd6 Kd7 52. Bb4 c2 53. Ba3 Be2 54. Kg2 Ke6 55. Kg3 Kd5 56. Kf4 Kd4 57. h4 b4 58. Bb2+ Kd3 0-1

[Event "SVK-chT2A 1314"]
[Site "Slovakia"]
[Date "2014.01.12"]
[Round "6.1"]
[White "Federic, Jozef"]
[Black "Pagerka, Martin"]
[Result "1-0"]
[WhiteElo "2269"]
[BlackElo "2224"]
[PlyCount "119"]
[EventDate "2013.10.19"]
[EventType "team-tourn"]
[EventRounds "11"]
[EventCountry "SVK"]
[SourceTitle "EXT 2015"]
[Source "ChessBase"]
[SourceDate "2014.11.20"]
[SourceVersion "1"]
[SourceVersionDate "2014.11.20"]
[SourceQuality "1"]
[WhiteTeam "Modra II"]
[BlackTeam "Osuske II"]
[WhiteTeamCountry "SVK"]
[BlackTeamCountry "SVK"]

1. d4 Nf6 2. Nf3 g6 3. g3 Bg7 4. Bg2 0-0 5. c4 d5 6. 0-0 dxc4 7. Na3 Be6 8. Ng5 Bc8 9. Nxc4 c6 10. b3 Na6 11. Bb2 Nc7 12. Rc1 Nfe8 13. Nf3 Nd6 14. Nfe5 f6 15. Nd3 Nf7 16. a4 h5 17. b4 h4 18. gxh4 Nh6 19. Nf4 Kf7 20. Qb3 Ne6 21. Ne3 Qd6 22. Nd3 Nf5 23. Nxf5 gxf5 24. h5 Bh6 25. f4 Rg8 26. e3 b6 27. Rf3 Rxg2+ 28. Kxg2 Bb7 29. Kf2 Rg8 30. Rg3 Rh8 31. Ba3 Bf8 32. b5 c5 33. dxc5 bxc5 34. Bxc5 Qd8 35. Rd1 Qa8 36. Nb4 Rxh5 37. h3 Qc8 38. Nc6 Bxc6 39. bxc6 Qxc6 40. Bxa7 Rh8 41. Bb6 Bh6 42. a5 Rc8 43. Qd5 Qa4 44. Rd2 Qb4 45. Ra2 Rc3 46. Rf3 Rc1 47. Kg3 Qe1+ 48. Rff2 Rd1 49. Rad2 Ra1 50. Qxf5 Ng7 51. Qg4 f5 52. Qe2 Qh1 53. Rg2 Ra3 54. Kh4 Qc1 55. Rc2 Qb1 56. Qc4+ Ne6 57. Rc1 Qe4 58. Qxe4 fxe4 59. Rc6 Bg7 60. Rxe6 1-0

[Event "SVK-chT1W 1314"]
[Site "Slovakia"]
[Date "2013.11.16"]
[Round "3.1"]
[White "Schwarz, Dusan"]
[Black "Pagerka, Martin"]
[Result "0-1"]
[WhiteElo "2390"]
[BlackElo "2224"]
[PlyCount "124"]
[EventDate "2013.10.12"]
[EventType "team-tourn"]
[EventRounds "11"]
[EventCountry "SVK"]
[SourceTitle "EXT 2015"]
[Source "ChessBase"]
[SourceDate "2014.11.20"]
[SourceVersion "1"]
[SourceVersionDate "2014.11.20"]
[SourceQuality "1"]
[WhiteTeam "Bratislava Doprastav II"]
[BlackTeam "Osuske"]
[WhiteTeamCountry "SVK"]
[BlackTeamCountry "SVK"]

1. d4 d5 2. c4 c6 3. Nf3 Nf6 4. Nc3 e6 5. Bg5 h6 6. Bxf6 Qxf6 7. e3 Qd8 8. Bd3 Nd7 9. 0-0 Bd6 10. e4 dxe4 11. Nxe4 Bc7 12. Re1 0-0 13. Nc3 Nf6 14. Qe2 b6 15. Rad1 Bb7 16. Ne5 Qe7 17. Qf3 Rad8 18. Bc2 Bb8 19. Qe3 c5 20. dxc5 bxc5 21. Ba4 Qc7 22. f4 a6 23. h3 Ba7 24. Ne2 Ba8 25. b3 g6 26. Kh2 h5 27. Ng1 Rd4 28. Ngf3 Re4 29. Qd2 Rxe1 30. Nxe1 Bb8 31. Qe3 g5 32. N1d3 Ne4 33. fxg5 Rd8 34. Qf4 Rxd3 35. Rxd3 Qxe5 36. Rd8+ Kg7 37. Qxe5+ Bxe5+ 38. Kg1 Bb7 39. Rd7 Nd6 40. Kf1 Be4 41. Rc7 Bd3+ 42. Ke1 Nxc4 43. Rxc5 Bc3+ 44. Kd1 Nb2+ 45. Kc1 Nxa4 46. bxa4 Bd4 47. Rc6 Be3+ 48. Kd1 e5 49. g4 h4 50. Rd6 e4 51. Ke1 Bxg5 52. Rd5 Be3 53. Rh5 Kg6 54. Rf5 Bc1 55. Rc5 Bf4 56. Rf5 Bd6 57. Kd2 f6 58. Ke3 Be5 59. Rf2 Bc7 60. Rf5 Bb6+ 61. Kd2 Bc4 62. Rf4 e3+ 0-1

[Event "SVK-chT 1314"]
[Site "Slovakia"]
[Date "2013.11.09"]
[Round "1.4"]
[White "Harvan, Richard"]
[Black "Pagerka, Martin"]
[Result "1/2-1/2"]
[WhiteElo "2072"]
[BlackElo "2224"]
[PlyCount "90"]
[EventDate "2013.11.09"]
[EventType "team-tourn"]
[EventRounds "11"]
[EventCountry "SVK"]
[SourceTitle "CBM 157 Extra"]
[Source "ChessBase"]
[SourceDate "2013.12.19"]
[SourceVersion "1"]
[SourceVersionDate "2013.12.19"]
[SourceQuality "1"]
[WhiteTeam "Kosice Slavia TU"]
[BlackTeam "Trencin"]
[WhiteTeamCountry "SVK"]
[BlackTeamCountry "SVK"]

1. e4 c5 2. Nf3 d6 3. d4 cxd4 4. Nxd4 Nf6 5. Nc3 a6 6. f3 e5 7. Nb3 Be7 8. Be3 0-0 9. Qd2 Be6 10. 0-0-0 Nbd7 11. g4 b5 12. g5 Ne8 13. Nd5 Bxd5 14. exd5 Rc8 15. Na5 Nc5 16. Bh3 Rc7 17. Nc6 Rxc6 18. dxc6 Ne6 19. Bxe6 fxe6 20. Rhf1 d5 21. f4 d4 22. Qg2 Qa5 23. Bxd4 exd4 24. Kb1 Qb4 25. Qe4 Qc4 26. Rfe1 Nd6 27. Qxe6+ Qxe6 28. Rxe6 Kf7 29. Rde1 Nf5 30. c7 Bd6 31. h4 Bxf4 32. Rc6 Nd6 33. Rf1 Ke7 34. c8Q Nxc8 35. Rxc8 Rxc8 36. Rxf4 Rd8 37. Re4+ Kf7 38. Kc1 d3 39. cxd3 Rxd3 40. a4 Rh3 41. Kd2 Kg6 42. axb5 axb5 43. Rb4 Kh5 44. Rxb5 Rxh4 45. b4 Rg4 1/2-1/2

[Event "Vienna op 18th"]
[Site "Vienna"]
[Date "2013.08.19"]
[Round "3"]
[White "Pagerka, Martin"]
[Black "Manea, Alexandru"]
[Result "1/2-1/2"]
[WhiteElo "2243"]
[BlackElo "2390"]
[PlyCount "79"]
[EventDate "2013.08.17"]
[EventType "swiss"]
[EventRounds "9"]
[EventCountry "AUT"]
[SourceTitle "CBM 156 Extra"]
[Source "ChessBase"]
[SourceDate "2013.10.22"]
[SourceVersion "1"]
[SourceVersionDate "2013.10.22"]
[SourceQuality "1"]

1. e4 d5 2. exd5 Qxd5 3. Nc3 Qa5 4. d4 Nf6 5. Nf3 Bf5 6. Bc4 e6 7. h3 Bb4 8. Bd2 0-0 9. a3 Bxc3 10. Bxc3 Qb6 11. Bb4 Re8 12. 0-0 Nc6 13. Bc5 Qxb2 14. Ra2 Qc3 15. Bb5 Nd7 16. Bxc6 bxc6 17. Bb4 Qc4 18. Qa1 Qd5 19. Re1 a5 20. Bd2 f6 21. Bf4 Bxh3 22. c4 Qh5 23. Bxc7 e5 24. gxh3 Qxf3 25. Re3 Qf5 26. Rae2 Ra7 27. Bd6 Rb7 28. Qc3 Rb1+ 29. Kg2 Qg5+ 30. Rg3 Qc1 31. Qxc1 Rxc1 32. c5 Kf7 33. f4 Rc4 34. dxe5 Nxc5 35. f5 fxe5 36. Bxe5 Rg8 37. Rge3 Re8 38. Rg3 Rg8 39. Rge3 Re8 40. Rg3 1/2-1/2

[Event "Senica op 5th"]
[Site "Senica"]
[Date "2013.08.05"]
[Round "5"]
[White "Jablonicky, Frantisek"]
[Black "Pagerka, Martin"]
[Result "0-1"]
[WhiteElo "2107"]
[BlackElo "2243"]
[PlyCount "64"]
[EventDate "2013.08.03"]
[EventType "swiss"]
[EventRounds "9"]
[EventCountry "SVK"]
[SourceTitle "CBM 156 Extra"]
[Source "ChessBase"]
[SourceDate "2013.10.22"]
[SourceVersion "1"]
[SourceVersionDate "2013.10.22"]
[SourceQuality "1"]

1. Nf3 Nf6 2. c4 g6 3. Nc3 Bg7 4. d4 0-0 5. g3 c6 6. Bg2 d6 7. 0-0 Nbd7 8. h3 a6 9. a4 a5 10. b3 Ne8 11. Bb2 Nc7 12. Qd2 Na6 13. Rab1 Qb6 14. Ba3 Nb4 15. Rfd1 e5 16. dxe5 dxe5 17. Na2 e4 18. Nh2 e3 19. fxe3 Nxa2 20. Bxf8 Nxf8 21. Qxa2 Qxe3+ 22. Kh1 Bf5 23. Nf1 Bxb1 24. Rxb1 Qf2 25. Qd2 Re8 26. Re1 Bd4 27. e3 Qxd2 28. Nxd2 Bc3 29. Re2 Bxd2 30. Rxd2 Rxe3 31. Rd8 Rxb3 32. Rb8 Rb4 0-1